00325nam a2200121Ia 4500008004100000041000800041082001700049100002000066245004500086260002900131300003100160365001200191240624s9999 xx 000 0 und d aeng a658.4012 CAR aCARLSSON MAGNUS aSTRATEGIC SOURCING AND CATEGORY MANAGEME c2015aLondonbKogan Page axii, : 232 : p. : cm. ; 23 cGBPb30